[Event "OMA-ch 10th"]
[Site "Muscat"]
[Date "2023.02.16"]
[Round "1"]
[White "Al Maamari, Haitham"]
[Black "Al Busaidi, Hamood"]
[Result "0-1"]
[WhiteElo "1173"]
[BlackElo "1854"]
[PlyCount "130"]
[EventDate "2023.02.16"]
[EventType "swiss"]
[EventRounds "9"]
[EventCountry "OMN"]
[SourceTitle "EXT 2024"]
[Source "ChessBase"]
[SourceDate "2023.10.10"]
[SourceVersion "1"]
[SourceVersionDate "2023.10.10"]
[SourceQuality "1"]

1. Nf3 c5 2. c3 Nc6 3. e3 d5 4. d4 Bg4 5. h3 Bh5 6. Nbd2 e6 7. Qb3 Qb6 8. Qxb6 axb6 9. Bb5 f6 10. b3 Kf7 11. Bb2 Bd6 12. c4 Nb4 13. 0-0 Nxa2 14. e4 Bxf3 15. gxf3 Bf4 16. Nb1 Ne7 17. exd5 exd5 18. cxd5 Nb4 19. dxc5 Rxa1 20. Bxa1 bxc5 21. Rd1 Nf5 22. Bc3 Nh4 23. d6 Nxf3+ 24. Kf1 Rd8 25. d7 Ne5 26. Bxe5 Bxe5 27. Na3 Nc6 28. Nc4 Nd4 29. Na5 Nxb5 30. Nxb7 Ke7 31. Nxd8 Kxd8 32. Rd5 Bd4 33. b4 Nc7 34. Rd6 Be5 35. Rb6 cxb4 36. Rxb4 Kxd7 37. Rg4 f5 38. Rh4 h6 39. Ke2 Nd5 40. Kf3 Ke6 41. Ra4 Nc3 42. Ra6+ Kf7 43. h4 h5 44. Ra5 Ke6 45. Ra6+ Bd6 46. Ra7 Kf6 47. Ra6 Ne4 48. Ke3 Ke6 49. f3 Nc5 50. Rb6 Nd7 51. Ra6 Ke7 52. f4 Nf6 53. Kf3 Nd5 54. Ra7+ Bc7 55. Rb7 Kd7 56. Rb5 Kc6 57. Rb1 Bxf4 58. Rg1 Bh6 59. Rg6+ Nf6 60. Ke2 Kd5 61. Kd3 f4 62. Rg1 Ke5 63. Rb1 f3 64. Rb5+ Kf4 65. Rb4+ Kg3 0-1